[Event "Deltalift Open 2012"]
[Site "Tylosand"]
[Date "2012.05.18"]
[Round "5.18"]
[White "Madebrink, Lars"]
[Black "Johansson, Mikael"]
[Result "1/2-1/2"]
[WhiteElo "2271"]
[BlackElo "2094"]
[EventDate "2012.05.17"]

1.d4 Nf6 2.Nf3 e6 3.g3 b6 4.Bg2 Bb7 5.O-O Be7 6.c4 O-O 7.Re1 d5 8.Ne5 Nbd7
9.Nc3 c5 10.Nxd7 Qxd7 11.cxd5 exd5 12.b3 Rac8 13.Bb2 Rfd8 14.Rc1 Qf5 15.e3
cxd4 16.exd4 Bb4 17.Re5 Qd7 18.f3 Bd6 19.Re3 Re8 20.Rxe8+ Rxe8 21.Qd2 Qe6 
22.Nb5 Bb8 23.Bf1 Rc8 24.Re1 Qc6 25.Bd3 a6 26.Nc3 Re8 27.Rxe8+ Qxe8 28.Na4
Qe6 29.Bc3 g6 30.Qf2 h5 31.Qe2 Qxe2 32.Bxe2 Nd7 33.Kf2 h4 34.Bb4 hxg3+ 35.
hxg3 f6 36.Bd3 Kf7 37.Bd2 Bc7 38.Bf1 f5 39.Nb2 Kf6 40.Nd3 g5 41.Nb4 a5 42.
Bb5 Nf8 43.Nd3 Ne6 44.Bc3 Nd8 45.b4 axb4 46.Nxb4 Nf7 47.Bc6 Bxc6 48.Nxc6 
Ke6 49.Nb4 Nd6 50.Bd2 Bd8 1/2-1/2

[Event "Deltalift Open 2012"]
[Site "Tylosand"]
[Date "2012.05.18"]
[Round "5.23"]
[White "Aira, Johannes"]
[Black "Persson, Andreas"]
[Result "1-0"]
[WhiteElo "2070"]
[BlackElo "2177"]
[EventDate "2012.05.17"]

1.e4 e5 2.Nc3 Nf6 3.f4 d5 4.fxe5 Nxe4 5.Nf3 Bc5 6.d4 Bb4 7.Bd3 Nxc3 8.bxc3
Bxc3+ 9.Bd2 Bxa1 10.Qxa1 Be6 11.O-O Nc6 12.Qb1 Rb8 13.c3 Ne7 14.Ng5 Qd7 
15.Bxh7 c6 16.Bc1 b6 17.Ba3 Rb7 18.Bd6 a6 19.Rf2 b5 20.Bc5 Nc8 21.Nxf7 
Qxf7 22.Bg6 1-0

[Event "Deltalift Open 2012"]
[Site "Tylosand"]
[Date "2012.05.18"]
[Round "5.24"]
[White "Brezinski, Adam"]
[Black "Karlsson, Anders"]
[Result "1-0"]
[WhiteElo "2170"]
[BlackElo "1871"]
[EventDate "2012.05.17"]

1.e4 d6 2.d4 Nf6 3.Nc3 g6 4.Bg5 Bg7 5.Qd2 c6 6.f4 b5 7.Bd3 b4 8.Nce2 Qb6 
9.Nf3 Nbd7 10.e5 Nd5 11.c4 bxc3 12.bxc3 Ba6 13.Rb1 Qa5 14.O-O N7b6 15.Bxa6
Qxa6 16.Ng3 h6 17.Bh4 Nc4 18.Qc1 Qxa2 19.exd6 exd6 20.Re1+ Kf8 21.Ne4 Qa6 
22.Nfd2 Ndb6 23.Nxc4 Nxc4 24.Nxd6 Kg8 25.Ra1 Na5 26.Qa3 g5 27.fxg5 Bf8 28.
g6 fxg6 29.Qa2+ Kh7 30.Re7+ Bg7 31.Rxg7+ Kxg7 32.Qf7# 1-0

[Event "Deltalift Open 2012"]
[Site "Tylosand"]
[Date "2012.05.18"]
[Round "5.25"]
[White "Jonsson, Krister"]
[Black "Sandstrom, Anders"]
[Result "1/2-1/2"]
[WhiteElo "2133"]
[BlackElo "2024"]
[EventDate "2012.05.17"]

1.d4 d5 2.c4 c6 3.Nf3 Nf6 4.Qc2 e6 5.g3 Nbd7 6.Bg2 Bd6 7.O-O O-O 8.Rd1 Qe7
9.Nc3 dxc4 10.Nd2 Nb6 11.Nce4 Nxe4 12.Bxe4 f5 13.Bg2 e5 14.Nxc4 Nxc4 15.
Qxc4+ Be6 16.d5 Bf7 17.Qa4 c5 18.Bd2 a6 1/2-1/2

[Event "Deltalift Open 2012"]
[Site "Tylosand"]
[Date "2012.05.18"]
[Round "5.26"]
[White "Kumar, Rahul"]
[Black "Olsson, Henrik"]
[Result "1-0"]
[WhiteElo "2252"]
[BlackElo "1852"]
[EventDate "2012.05.17"]

1.e4 c5 2.Na3 Nc6 3.Bb5 d5 4.e5 Bd7 5.f4 a6 6.Be2 Nd4 7.Bf1 e6 8.c3 Nf5 9.
Nf3 Nge7 10.g4 Nh6 11.h3 Nc6 12.d3 Be7 13.Be3 O-O 14.Bg2 b5 15.Nc2 Rc8 16.
O-O a5 17.Qd2 b4 18.Kh1 Qc7 19.Rae1 Kh8 20.Qf2 c4 21.dxc4 dxc4 22.Ncd4 
Nxd4 23.Nxd4 Bc5 24.Rd1 Bxd4 25.Rxd4 bxc3 26.bxc3 Bc6 27.Rfd1 Rfd8 28.
Rxd8+ 1-0

[Event "Deltalift Open 2012"]
[Site "Tylosand"]
[Date "2012.05.18"]
[Round "5.27"]
[White "Aberg, Anton"]
[Black "Rydell, Marten"]
[Result "1-0"]
[WhiteElo "2403"]
[BlackElo "1968"]
[EventDate "2012.05.17"]

1.d4 e6 2.Nf3 c5 3.e4 cxd4 4.Nxd4 a6 5.Bd3 Qc7 6.O-O Nf6 7.Qe2 d6 8.f4 
Nbd7 9.Kh1 b6 10.Nc3 Bb7 11.Bd2 Be7 12.Rae1 g6 13.e5 Nh5 14.exd6 Qxd6 15.
Ne4 Bxe4 16.Bxe4 Ra7 17.Nc6 Rc7 18.Nxe7 Qxe7 19.Qxa6 O-O 20.Qe2 Rfc8 21.c3
Qh4 22.Rf3 Nc5 23.Bc2 Nb7 24.Rh3 Qf6 25.Rxh5 gxh5 26.Qxh5 Rc5 27.Qxh7+ Kf8
28.f5 e5 29.h4 Re8 30.Bh6+ 1-0

[Event "Deltalift Open 2012"]
[Site "Tylosand"]
[Date "2012.05.18"]
[Round "5.28"]
[White "Gromark, Per-Olof"]
[Black "Mattsson, Michael"]
[Result "1-0"]
[WhiteElo "1955"]
[BlackElo "2189"]
[EventDate "2012.05.17"]

1.d4 Nf6 2.c4 g6 3.Nc3 Bg7 4.e4 d6 5.Nf3 O-O 6.Be2 e5 7.O-O Nc6 8.Be3 exd4
9.Nxd4 Re8 10.f3 Nxd4 11.Bxd4 c6 12.Qd2 Re7 13.Rad1 Ne8 14.Bxg7 Kxg7 15.f4
Qb6+ 16.Kh1 f5 17.Bf3 Be6 18.exf5 Bxc4 19.Rfe1 Rxe1+ 20.Qxe1 gxf5 21.g4 
fxg4 22.Qe7+ Bf7 23.Rg1 Qc7 24.Rxg4+ Kh8 25.Qf8+ 1-0

[Event "Deltalift Open 2012"]
[Site "Tylosand"]
[Date "2012.05.18"]
[Round "5.32"]
[White "Olofsson Dolk, Mattis"]
[Black "Sjodahl, Sten"]
[Result "1/2-1/2"]
[WhiteElo "2144"]
[BlackElo "1923"]
[EventDate "2012.05.17"]

1.e4 e5 2.Nf3 Nc6 3.Bb5 a6 4.Ba4 d6 5.c3 Bg4 6.O-O Nf6 7.Re1 Be7 8.h3 Bh5 
9.d3 O-O 10.Nbd2 b5 11.Bb3 Na5 12.Bc2 c5 13.Nf1 d5 14.exd5 Qxd5 15.Ne3 Qb7
16.Nf5 Rfe8 17.Rxe5 Bf8 18.Re3 Rad8 19.Bd2 Nc6 20.Ng3 Bg6 21.Rxe8 Rxe8 22.
Nh4 Qd7 23.Bg5 Nd5 24.Nxg6 hxg6 25.Bb3 Nf6 26.Bxf6 gxf6 27.Ne4 Qf5 28.Qg4 
Qxg4 29.Nxf6+ Kg7 30.Nxe8+ 1/2-1/2

[Event "Deltalift Open 2012"]
[Site "Tylosand"]
[Date "2012.05.18"]
[Round "5.35"]
[White "Kallerholm, Par"]
[Black "Liedbeck, Patrik"]
[Result "1/2-1/2"]
[WhiteElo "2074"]
[BlackElo "1767"]
[EventDate "2012.05.17"]

1.d4 Nf6 2.Nf3 g6 3.Nc3 d5 4.Bf4 Bg7 5.e3 Nh5 6.Be2 Nxf4 7.exf4 O-O 8.h4 
Bg4 9.Ne5 Bxe2 10.Nxe2 Nd7 11.h5 Nxe5 12.fxe5 c5 13.hxg6 fxg6 14.Qd3 Qd7 
15.f4 cxd4 16.O-O-O Rac8 17.g3 Qa4 18.Qb3 Qxb3 19.axb3 g5 20.Rxd4 gxf4 21.
gxf4 e6 22.Rd3 Rf7 23.Rg3 Re8 24.Kd2 Kh8 25.Rg4 Bf8 26.Nd4 Bc5 27.Nf3 Rg7 
28.Rgh4 Bf2 29.Rh6 1/2-1/2

[Event "Deltalift Open 2012"]
[Site "Tylosand"]
[Date "2012.05.18"]
[Round "5.44"]
[White "Nilsson, Kristoffer"]
[Black "Drugge, Patrik"]
[Result "0-1"]
[WhiteElo "1948"]
[BlackElo "2247"]
[EventDate "2012.05.17"]

1.d4 d5 2.Nf3 c6 3.c4 e6 4.Nc3 f5 5.Bg5 Nf6 6.e3 Bd6 7.Ne5 O-O 8.f4 Qe8 9.
c5 Bxe5 10.fxe5 Ne4 11.Nxe4 fxe4 12.Qg4 b6 13.Qh4 Rf7 14.Be2 Nd7 15.O-O-O 
bxc5 16.Rhf1 Rxf1 17.Rxf1 cxd4 18.exd4 Nf8 19.Qf2 Bd7 20.h4 c5 21.dxc5 Rb8
22.h5 h6 23.Bxh6 gxh6 24.Qg3+ Kh8 25.Rf6 Nh7 26.Rxh6 Qf8 27.Qe3 d4 0-1

[Event "Deltalift Open 2012"]
[Site "Tylosand"]
[Date "2012.05.18"]
[Round "5.53"]
[White "Naglic, Zdenko"]
[Black "Nilsson, Claes-Erik"]
[Result "1-0"]
[WhiteElo "1845"]
[BlackElo "1539"]
[EventDate "2012.05.17"]

1.e4 c5 2.Nc3 e6 3.f4 d6 4.Nf3 a6 5.g3 b5 6.Bg2 Bb7 7.a3 Nc6 8.O-O b4 9.
Ne2 g6 10.f5 exf5 11.exf5 f6 12.Nf4 g5 13.Ne6 Qb6 14.Re1 Ne5 15.g4 Nxf3+ 
16.Bxf3 1-0

[Event "Deltalift Open 2012"]
[Site "Tylosand"]
[Date "2012.05.18"]
[Round "5.56"]
[White "Ng, Klemens"]
[Black "Fransson, Stefan"]
[Result "1-0"]
[WhiteElo "1526"]
[BlackElo "1790"]
[EventDate "2012.05.17"]

1.e4 e6 2.d4 d5 3.Nc3 Bb4 4.e5 Ne7 5.Qg4 c5 6.a3 Qa5 7.Bd2 cxd4 8.Qxd4 
Nbc6 9.Bb5 O-O 10.Bxc6 Nxc6 11.Qd3 Nxe5 12.Qb5 Qxb5 13.Nxb5 Bxd2+ 14.Kxd2 
Bd7 15.Nd4 Nc4+ 16.Kc1 e5 17.Ndf3 f6 18.b3 Nd6 19.Ne2 Rac8 20.Kb2 Ne4 21.
Rhf1 d4 22.a4 Nc3 23.Nxc3 Rxc3 24.h3 Rfc8 25.Rac1 Bf5 26.Ne1 g5 27.g4 Be6 
28.Ng2 Rxh3 29.f3 h5 30.gxh5 Rxh5 31.Rce1 Rh2 32.Rf2 Rc3 33.Ree2 Bd5 34.
Ne1 Rxf2 35.Rxf2 a5 36.Rf1 Kg7 37.Rf2 Kg6 1-0

[Event "Deltalift Open 2012"]
[Site "Tylosand"]
[Date "2012.05.18"]
[Round "5.61"]
[White "Valle, Lorenzo"]
[Black "Saad, Hamza"]
[Result "1-0"]
[WhiteElo "1770"]
[BlackElo "1262"]
[EventDate "2012.05.17"]

1.e4 e5 2.Nf3 Nc6 3.Bc4 d6 4.c3 Nf6 5.d3 d5 6.exd5 Nxd5 7.Qb3 Be6 8.Qxb7 
Nde7 9.Bxe6 fxe6 10.Qb5 Rb8 11.Qc4 Qd5 12.Nbd2 Qxc4 13.Nxc4 Ng6 14.O-O Bd6
15.b3 Nf4 16.Nxd6+ cxd6 17.Bxf4 exf4 18.d4 e5 19.Rfe1 O-O 20.dxe5 dxe5 21.
Nxe5 Nxe5 22.Rxe5 Rfe8 23.Rxe8+ Rxe8 24.Kf1 g5 25.Rd1 h6 26.c4 Re5 27.Rd8+
Kf7 28.Rd7+ Re7 29.Rxe7+ Kxe7 30.Ke2 Kd6 31.Kf3 Ke5 32.Kg4 1-0

[Event "Deltalift Open 2012"]
[Site "Tylosand"]
[Date "2012.05.18"]
[Round "5.63"]
[White "Olsson, Sven"]
[Black "Brondum Kraul, Jan"]
[Result "1/2-1/2"]
[WhiteElo "1502"]
[BlackElo "1647"]
[EventDate "2012.05.17"]

1.e4 e5 2.Nf3 Nc6 3.Nc3 Bb4 4.Bc4 Nf6 5.d3 d5 6.exd5 Nxd5 7.Bd2 Nxc3 8.
bxc3 Bd6 9.O-O O-O 10.Re1 Bg4 11.Bd5 Qd7 12.Qc1 Rab8 13.h3 Bh5 14.Nh2 Kh8 
15.Kh1 f5 16.f4 Bf7 17.Bxc6 Qxc6 18.fxe5 Be7 19.Nf3 1/2-1/2

[Event "Deltalift Open 2012"]
[Site "Tylosand"]
[Date "2012.05.18"]
[Round "5.21"]
[White "Lindborg, Patrik"]
[Black "Astrom, Lars"]
[Result "1/2-1/2"]
[WhiteElo "2230"]
[BlackElo "2047"]
[EventDate "2012.05.17"]

1.d4 d5 2.c4 c6 3.Nf3 Nf6 4.Nc3 e6 5.e3 Nbd7 6.Qc2 Bd6 7.g4 h6 8.h3 b6 9.
Bd2 Bb7 10.cxd5 exd5 11.Nh4 Rc8 12.Bg2 c5 13.Nf5 Bf8 14.Nb5 Rc6 15.Nxa7 
Re6 16.Nb5 g6 17.Ng3 Ba6 18.Qa4 Bxb5 19.Qxb5 cxd4 20.O-O dxe3 21.Bxe3 Bd6 
22.Ne2 Bc5 23.Nf4 Rd6 24.Bxc5 bxc5 25.Rfe1+ Kf8 26.Nd3 Qb6 27.Qxb6 Rxb6 
28.b3 Kg7 29.Rac1 Rc8 30.Re2 Ra6 31.Nb4 Re6 32.Rec2 Rd6 33.Nd3 Ra6 34.Nxc5
Nxc5 35.Rxc5 Rxc5 36.Rxc5 Rxa2 37.Bxd5 Nxd5 38.Rxd5 Rb2 39.Rd3 g5 40.Rf3 
h5 41.Kf1 Kg6 42.Ke1 f5 43.gxf5+ Kf6 44.Kd1 g4 45.hxg4 hxg4 46.Kc1 Ra2 47.
Rg3 Kxf5 48.f3 gxf3 49.Rxf3+ Ke4 50.Rf8 Kd5 51.Rc8 Rh2 52.Rc3 Rg2 53.Rc2 
Rxc2+ 1/2-1/2

[Event "Deltalift Open 2012"]
[Site "Tylosand"]
[Date "2012.05.18"]
[Round "5.1"]
[White "Tikkanen, Hans"]
[Black "Hillarp Persson, Tiger"]
[Result "1/2-1/2"]
[WhiteElo "2636"]
[BlackElo "2586"]

1.c4 Nf6 2.g3 g6 3.Bg2 Bg7 4.Nc3 O-O 5.e4 d6 6.Nge2 c5 7.O-O Nc6 8.d3 a6 
9.h3 Rb8 10.a4 Ne8 11.Be3 e5 12.Nd5 Nc7 13.Nec3 Nxd5 14.Nxd5 Be6 1/2-1/2

[Event "Deltalift Open 2012"]
[Site "Tylosand"]
[Date "2012.05.18"]
[Round "5.2"]
[White "Brynell, Stellan"]
[Black "Hector, Jonny"]
[Result "1-0"]
[WhiteElo "2555"]
[BlackElo "2630"]

1.d4 d5 2.Nf3 Nf6 3.c4 c6 4.Nc3 dxc4 5.a4 Bf5 6.Ne5 e6 7.f3 Bb4 8.e4 Bxe4 
9.Nxf7 Kxf7 10.fxe4 Nxe4 11.Qh5+ g6 12.Qf3+ Nf6 13.Bd2 Bxc3 14.Qxc3 Kg7 
15.Qh3 Re8 16.Be2 Qd5 17.O-O Nbd7 18.Bh6+ Kg8 19.Rf4 Rf8 20.Raf1 Qd6 21.
Bxc4 Nd5 22.Bxf8 Rxf8 23.Rxf8+ Nxf8 24.Bxd5 exd5 25.Qe3 Qd7 26.Rf6 Qg4 27.
h3 Qd7 28.Qe5 Qd8 29.b4 Qd7 30.Rd6 Qf7 31.Rd8 1-0

[Event "Deltalift Open 2012"]
[Site "Tylosand"]
[Date "2012.05.18"]
[Round "5.3"]
[White "Berg, Emanuel"]
[Black "Ziegler, Ari"]
[Result "1-0"]
[WhiteElo "2627"]
[BlackElo "2418"]

1.e4 e5 2.Nf3 Nc6 3.Bb5 a6 4.Ba4 Nf6 5.O-O Be7 6.Re1 b5 7.Bb3 O-O 8.d3 d6 
9.c3 Na5 10.Bc2 c5 11.Nbd2 Re8 12.Nf1 h6 13.h3 Bf8 14.Ng3 Bb7 15.d4 cxd4 
16.cxd4 d5 17.Nxe5 dxe4 18.Ng4 Bb4 19.Re2 Nxg4 20.hxg4 Qh4 21.Nxe4 f5 22.
Ng3 Bd6 23.Bxf5 Bf3 24.Rxe8+ Rxe8 25.Bg5 Qxg3 26.fxg3 Bxd1 27.Bd2 Nc4 28.
Rxd1 Nxd2 29.Rxd2 Bxg3 30.Rd1 Re1+ 31.Rxe1 Bxe1 32.Kf1 Bh4 33.Ke2 Kf8 34.
b4 Bd8 35.Kd3 Ke7 36.Bc8 a5 37.bxa5 Bxa5 38.Ba6 b4 39.Kc4 Bb6 40.d5 Kd6 
41.Bb7 b3 42.Kxb3 Kc5 43.Kc3 Ba5+ 44.Kd3 Be1 45.Ke4 Bc3 46.Kf5 Kd6 47.Kg6 
Ke7 48.a4 Kd6 49.Kf7 Kd7 50.Ba8 Kd6 51.Bc6 g5 52.Kg6 Ke7 53.Kxh6 Kf6 54.d6
Bb4 55.d7 Ba5 56.Kh7 Kf7 57.Bd5+ Kf6 58.Kg8 Ke7 59.Bc6 Bb6 60.Kg7 Bd8 61.
Bb5 1-0

[Event "Deltalift Open 2012"]
[Site "Tylosand"]
[Date "2012.05.18"]
[Round "5.4"]
[White "Kockum, Anton Frisk"]
[Black "Johansson, Linus"]
[Result "1-0"]
[WhiteElo "2410"]
[BlackElo "2379"]

1.d4 Nf6 2.Nf3 e6 3.c4 b6 4.g3 Bb7 5.Bg2 Be7 6.Nc3 Ne4 7.Bd2 O-O 8.O-O f5 
9.d5 Bf6 10.Rc1 Na6 11.a3 Rc8 12.b4 c5 13.dxc6 Bxc6 14.Be1 Qe7 15.Nxe4 
Bxe4 16.Bc3 Bxc3 17.Rxc3 Nb8 18.Qd2 a5 19.bxa5 Bxf3 20.Bxf3 bxa5 21.Rd1 
Rc7 22.Rb3 Rxc4 23.Qxa5 Qc5 24.Rb5 Qc7 25.Qxc7 Rxc7 26.Rb7 Rfc8 27.Rdb1 
Na6 28.Rxc7 Rxc7 29.Kf1 Kf7 30.Ke1 Ke7 31.e3 Nc5 32.Bd1 Rb7 33.Rxb7 Nxb7 
34.Kd2 Kd6 35.Kc3 Nc5 36.Bc2 h6 37.Kb4 Kc6 38.Ba4+ Kb6 39.Bb5 d6 40.a4 g5 
41.a5+ Kc7 42.f4 g4 43.Be8 Ne4 44.Bf7 Kd7 45.a6 Kc6 46.a7 Kb7 47.Bxe6 Kxa7
48.Bxf5 Nf6 49.Kc4 Kb6 50.e4 Kc7 51.e5 dxe5 52.fxe5 Ne8 53.Kd5 Ng7 54.Bxg4
h5 55.Bh3 h4 56.g4 Kd7 57.g5+ Ke7 58.Bg4 Ne8 59.Ke4 Ng7 60.Kf4 Kf7 61.Bc8 
Kg6 62.Kg4 h3 63.Bd7 Kf7 64.Kxh3 Ke7 65.Bg4 Kf7 66.Kg3 Kg6 67.Kf4 Ne8 68.
h4 Nc7 69.h5+ Kf7 70.g6+ Kg7 71.Kg5 Kh8 72.Kf6 Ne8+ 73.Ke7 Nc7 74.Kf7 Ne8 
75.Kxe8 Kg8 76.e6 Kh8 77.e7 Kg8 78.Kd7 1-0

[Event "Deltalift Open 2012"]
[Site "Tylosand"]
[Date "2012.05.18"]
[Round "5.5"]
[White "Rothman, Peter"]
[Black "Fransson, Peter"]
[Result "1-0"]
[WhiteElo "2197"]
[BlackElo "2312"]

1.d4 Nf6 2.Nf3 g6 3.g3 Bg7 4.Bg2 O-O 5.O-O d6 6.c4 Nc6 7.d5 Na5 8.Nfd2 c5 
9.Nc3 e5 10.a3 b6 11.b4 Nb7 12.Bb2 Ng4 13.h3 Nh6 14.e3 f5 15.f4 Nf7 16.Ne2
Qe7 17.e4 Bd7 18.b5 a6 19.a4 a5 20.Qc2 Rae8 21.Rae1 Nbd8 22.Kh2 Nh6 23.Qb3
Ndf7 24.Rf2 Qd8 25.Ref1 Bc8 26.Ba1 Qe7 27.Re1 exf4 28.Nxf4 Bxa1 29.Rxa1 
fxe4 30.Nxe4 Ne5 31.Raf1 Nf5 32.Ne2 h5 33.Qc3 Bd7 34.Kg1 Kh7 35.Kh2 Kg8 
36.Kg1 Rd8 37.Kh2 Bc8 38.Kg1 Qg7 39.Kh2 Nd4 40.Nxd4 cxd4 41.Rxf8+ Rxf8 42.
Rxf8+ Kxf8 43.Qc1 Nf7 44.c5 dxc5 45.Nxc5 Nd6 46.Ne4 1-0

[Event "Deltalift Open 2012"]
[Site "Tylosand"]
[Date "2012.05.18"]
[Round "5.7"]
[White "Mohammadi, Amir"]
[Black "Rydstrom, Tom"]
[Result "1-0"]
[WhiteElo "2324"]
[BlackElo "2171"]

1.e4 e5 2.Nf3 Nc6 3.Bc4 Bc5 4.Nc3 Nf6 5.d3 h6 6.Be3 Bb6 7.h3 O-O 8.g4 Bxe3
9.fxe3 d6 10.Qe2 Na5 11.Bb3 Nxb3 12.axb3 Nh7 13.O-O-O a5 14.Rdg1 c6 15.Qf2
b5 16.Nh4 b4 17.Na4 g6 18.Qg3 Kh8 19.Rh2 c5 20.d4 cxd4 21.exd4 Ng5 22.Qe3 
Kh7 23.Rd1 Qe7 24.Nb6 Rb8 25.Nd5 exd4 26.Rxd4 Qd8 27.Nf3 Bb7 28.Nxg5+ Qxg5
29.Qxg5 hxg5 30.Nf6+ 1-0

[Event "Deltalift Open 2012"]
[Site "Tylosand"]
[Date "2012.05.18"]
[Round "5.8"]
[White "Lindgren, Philip"]
[Black "Lindhe, Magnus"]
[Result "1-0"]
[WhiteElo "2304"]
[BlackElo "2169"]

1.d4 g6 2.c4 Bg7 3.Nc3 Nf6 4.e4 O-O 5.Nf3 c5 6.d5 e5 7.Be2 d6 8.O-O Na6 9.
Ne1 Nc7 10.Nd3 Re8 11.a3 a6 12.b4 b6 13.Rb1 Ra7 14.Be3 Na8 15.Qd2 Ng4 16.
Bxg4 Bxg4 17.Rb3 f5 18.f3 Bh5 19.Rfb1 Rf7 20.bxc5 bxc5 21.Rb7 f4 22.Bf2 
Rxb7 23.Rxb7 Nb6 24.Qa2 g5 25.Qb3 Nc8 26.Qa4 g4 27.fxg4 Bxg4 28.Bh4 Ne7 
29.Nxc5 Qc8 30.Nxa6 Ng6 31.Rb8 Qxb8 32.Nxb8 Rxb8 33.Bf2 f3 34.h3 Bc8 35.
Qe8+ Bf8 36.Nb5 fxg2 37.Bg3 Kg7 38.Qd8 Ra8 39.Qc7+ Kh6 40.Kxg2 Be7 41.Qc6 
Rb8 42.c5 dxc5 43.Bxe5 Rxb5 44.Qxb5 Nxe5 45.Qe8 1-0

[Event "Deltalift Open 2012"]
[Site "Tylosand"]
[Date "2012.05.18"]
[Round "6.2"]
[White "Hillarp Persson, Tiger"]
[Black "Rothman, Peter"]
[Result "1-0"]
[WhiteElo "2586"]
[BlackElo "2197"]

1.d4 d5 2.c4 c6 3.Nf3 Nf6 4.e3 e6 5.Bd3 Nbd7 6.O-O Be7 7.Nc3 dxc4 8.Bxc4 
b5 9.Bd3 a6 10.e4 b4 11.Na4 c5 12.e5 Nd5 13.dxc5 Qc7 14.Bd2 Bb7 15.Rc1 Bc6
16.Nd4 Nxe5 17.Be4 Rd8 18.Nxc6 Nxc6 19.Qe1 a5 20.Nb6 O-O 21.Bxd5 exd5 22.
Qe3 Bf6 23.b3 Rfe8 24.Qd3 d4 25.h3 Re6 26.Rfe1 Be5 27.Nc4 Rde8 28.Qf3 h6 
29.Nb2 Qd7 30.Nd3 Bc7 31.Rxe6 Rxe6 32.Re1 Rxe1+ 33.Bxe1 Qe6 34.Bd2 f5 35.
g4 Qe4 36.Kg2 Qxf3+ 37.Kxf3 fxg4+ 38.hxg4 Kf7 39.Ke4 Ke6 40.f4 Bd8 41.f5+ 
Kd7 42.Bf4 Bf6 43.Bd6 Kc8 44.Kd5 Kb7 45.Bf4 Ne7+ 46.Kd6 Nc6 47.Kd7 Na7 48.
Nb2 Ka6 49.c6 Kb6 50.c7 Kb7 51.Nd3 Bg5 52.Bd6 Bf6 53.Bf8 Kb6 54.Bc5+ 1-0

[Event "Deltalift Open 2012"]
[Site "Tylosand"]
[Date "2012.05.18"]
[Round "6.3"]
[White "Hector, Jonny"]
[Black "Tikkanen, Hans"]
[Result "0-1"]
[WhiteElo "2630"]
[BlackElo "2636"]

1.e4 e6 2.d4 d5 3.Nc3 Nf6 4.Bg5 Bb4 5.exd5 Bxc3+ 6.bxc3 Qxd5 7.Be3 Qa5 8.
Nf3 c5 9.Bd3 c4 10.Bxc4 Qxc3+ 11.Nd2 Nd5 12.Bxd5 exd5 13.O-O O-O 14.Rb1 
Nd7 15.Rb3 Qc6 16.Bf4 Nb6 17.Rg3 Bf5 18.c3 Rac8 19.Qh5 Bg6 20.Qf3 Na4 21.
Rc1 Nb2 22.Nf1 Qf6 23.Ne3 Be4 24.Be5 Qxe5 25.Qe2 Qd6 26.Qxb2 f5 27.f3 f4 
28.Rg5 fxe3 29.fxe4 Qf4 30.Rf5 Rxf5 31.exf5 e2 32.Re1 Qe3+ 33.Kh1 Re8 34.
h3 Qf2 35.Qd2 b5 36.f6 gxf6 0-1

[Event "Deltalift Open 2012"]
[Site "Tylosand"]
[Date "2012.05.18"]
[Round "6.4"]
[White "Ziegler, Ari"]
[Black "Moren, Bjorn"]
[Result "1-0"]
[WhiteElo "2418"]
[BlackElo "2206"]

1.e4 d5 2.exd5 Qxd5 3.d4 Nf6 4.c4 Qd6 5.Nf3 Bg4 6.Be2 c6 7.O-O e6 8.b3 
Nbd7 9.Re1 Rd8 10.Bb2 Qf4 11.h3 Bxf3 12.Bxf3 Bb4 13.Re3 O-O 14.g3 Qg5 15.
h4 Qf5 16.Qe2 Rfe8 17.Nc3 e5 18.Ne4 exd4 19.Bxd4 Ne5 20.Nxf6+ gxf6 21.Be4 
Qg4 22.Bxa7 f5 23.Bg2 Rd2 24.Qxg4+ fxg4 25.a3 Bd6 26.a4 f6 27.c5 Bf8 28.
Re4 h5 29.Bb6 Re7 30.a5 Red7 31.b4 Bh6 32.b5 cxb5 33.Rxe5 fxe5 34.c6 Rd1+ 
35.Kh2 bxc6 36.Rxd1 Rxd1 37.a6 Ra1 38.a7 b4 39.Bxc6 b3 40.Bd5+ Kf8 41.Bxb3
1-0

[Event "Deltalift Open 2012"]
[Site "Tylosand"]
[Date "2012.05.18"]
[Round "6.5"]
[White "Lind, Jan-Olov"]
[Black "Kockum, Anton Frisk"]
[Result "1-0"]
[WhiteElo "2238"]
[BlackElo "2410"]

1.e4 c5 2.Nf3 Nc6 3.d3 g6 4.g3 Bg7 5.Bg2 d6 6.O-O e6 7.c3 Nge7 8.d4 cxd4 
9.cxd4 d5 10.e5 b5 11.Nc3 Qb6 12.a4 b4 13.Nb5 O-O 14.Bf4 Ba6 15.Re1 Bxb5 
16.axb5 Qxb5 17.Bf1 Qb7 18.h4 a5 19.h5 Rfc8 20.hxg6 hxg6 21.Bh3 Qb6 22.Be3
Nf5 23.Bxf5 exf5 24.Qd2 Nd8 25.Bh6 Ne6 26.Kg2 Bh8 27.Rh1 f6 28.Rh4 Ra7 29.
exf6 Bxf6 30.Bg5 Nxg5 31.Nxg5 Rc4 32.Rah1 Re7 33.Rh6 Bg7 34.Nf3 Qf6 35.Rh7
Re4 36.b3 Rcxd4 37.Nxd4 Qxd4 38.Qc1 Qc3 39.Qg5 Qf6 40.Rxg7+ Qxg7 41.Qd8+ 
Kf7 42.Qxd5+ Re6 43.Qxa5 Qd4 44.Rh7+ Kf6 45.Qc7 Qe4+ 46.Kh2 Re7 47.Qd6+ 
Qe6 48.Qd4+ 1-0

[Event "Deltalift Open 2012"]
[Site "Tylosand"]
[Date "2012.05.18"]
[Round "6.6"]
[White "Rosell, Tomas"]
[Black "Nilsson, Sebastian"]
[Result "1/2-1/2"]
[WhiteElo "2200"]
[BlackElo "2399"]

1.e4 c5 2.Nf3 e6 3.d4 cxd4 4.Nxd4 Nf6 5.Nc3 d6 6.Be2 Be7 7.O-O O-O 8.Be3 
a6 9.f4 Qc7 10.Bf3 Nc6 11.a4 Rd8 12.Kh1 Ne5 13.Be2 b6 14.Qe1 Nc4 15.Bc1 
Bb7 16.Bd3 Rac8 17.b3 Na5 18.Bb2 Nc6 19.Nxc6 Qxc6 20.Qg3 g6 21.Rae1 Nd7 
22.Nd5 Bf8 23.Nf6+ Nxf6 24.Bxf6 Re8 25.e5 Bg7 26.Qg5 Qc5 27.Bxg7 Kxg7 28.
f5 exf5 29.Rxf5 Qc7 30.Ref1 Rxe5 31.Qf6+ Kg8 32.Qxf7+ Qxf7 33.Rxf7 Be4 34.
Bxe4 Rxe4 35.c4 Re3 36.R7f3 Rce8 37.g3 Re2 1/2-1/2

[Event "Deltalift Open 2012"]
[Site "Tylosand"]
[Date "2012.05.18"]
[Round "6.7"]
[White "Lundstedt, Peter"]
[Black "Mohammadi, Amir"]
[Result "1/2-1/2"]
[WhiteElo "2200"]
[BlackElo "2324"]

1.Nf3 f5 2.d4 Nf6 3.g3 e6 4.Bg2 d5 5.O-O Bd6 6.c4 c6 7.Nc3 O-O 8.Qc2 b6 9.
Rb1 Qe7 10.Bf4 Bxf4 11.gxf4 Ba6 12.cxd5 cxd5 13.Ne5 Rc8 14.Qa4 Qb7 15.Rfc1
Nbd7 16.e3 Rc7 17.Bf1 Bxf1 18.Kxf1 Rac8 19.Nxd7 Nxd7 20.Ne2 Rc4 21.Qa3 Nf8
22.b3 Rc2 23.Ke1 Qd7 24.Rxc2 Rxc2 25.Rc1 Rc7 1/2-1/2

[Event "Deltalift Open 2012"]
[Site "Tylosand"]
[Date "2012.05.18"]
[Round "6.8"]
[White "Wahlstrom, Lennart"]
[Black "Lindgren, Philip"]
[Result "0-1"]
[WhiteElo "2157"]
[BlackElo "2304"]

1.e4 c5 2.Nf3 d6 3.d4 cxd4 4.Nxd4 Nf6 5.Nc3 a6 6.Be2 e5 7.Nb3 Be7 8.O-O 
O-O 9.f4 Qc7 10.a4 Nbd7 11.Be3 exf4 12.Bxf4 Ne5 13.Kh1 Be6 14.Nd4 Rfe8 15.
Bg5 Rac8 16.Nf5 Bxf5 17.Rxf5 Ned7 18.a5 h6 19.Bh4 g6 20.Rf1 Kg7 21.Bf2 Ne5
22.Bd4 Qd7 23.Bd3 Nc6 24.Bxf6+ Bxf6 25.Nd5 Bd8 26.Qd2 Ne5 27.h3 Qe6 28.Rf2
Bh4 29.Re2 Bg5 30.Qb4 Rc5 31.Rf1 Nxd3 32.cxd3 Rxd5 33.Ref2 Rc5 34.Rxf7+ 
Kg8 35.Qd4 Qe5 36.Qf2 Rc1 37.Rf8+ Rxf8 38.Qxf8+ Kh7 39.Rxc1 Bxc1 40.Qc8 
Bxb2 41.Qxb7+ Qg7 42.Qxa6 Qc7 43.g4 Bd4 0-1

[Event "Deltalift Open 2012"]
[Site "Tylosand"]
[Date "2012.05.18"]
[Round "6.10"]
[White "Johansson, Linus"]
[Black "Brezinski, Adam"]
[Result "1-0"]
[WhiteElo "2379"]
[BlackElo "2170"]
[EventDate "2012.05.17"]

1.d4 Nf6 2.c4 c5 3.d5 b5 4.cxb5 a6 5.bxa6 g6 6.Nc3 Bxa6 7.g3 d6 8.Bg2 Bg7 
9.Nf3 Nfd7 10.O-O Nb6 11.Bf4 N8d7 12.Qc1 O-O 13.Bh6 Nc4 14.Bxg7 Kxg7 15.b3
Nce5 16.Nd2 Qa5 17.h3 Nb6 18.Rb1 Bb7 19.a4 Rab8 20.f4 Ned7 21.e4 Qa8 22.
Re1 Rbc8 23.Ra1 Qa5 24.Qb2 Nf6 25.e5 dxe5 26.Rxe5 Rfe8 27.Rae1 Qb4 28.Rxe7
Rxe7 29.Rxe7 Qd4+ 30.Kh2 Bxd5 31.Nd1 Bxg2 32.Kxg2 Qd6 33.Re2 Qc6+ 34.Kh2 
h5 35.Nf2 c4 36.Nxc4 Nxc4 37.bxc4 Qxc4 38.Ne4 Qc6 39.g4 hxg4 40.hxg4 Rh8+ 
41.Kg2 Qe6 42.Nxf6 Qxf6 43.Kf3 Rh3+ 44.Ke4 Rc3 45.Qb5 Qe6+ 46.Kd4 Qxe2 47.
Kxc3 Qe3+ 1-0

[Event "Deltalift Open 2012"]
[Site "Tylosand"]
[Date "2012.05.18"]
[Round "6.11"]
[White "Arnelind, Mikael"]
[Black "Aira, Johannes"]
[Result "1-0"]
[WhiteElo "2256"]
[BlackElo "2070"]
[EventDate "2012.05.17"]

1.d4 Nf6 2.c4 e6 3.Nc3 Bb4 4.e3 b6 5.Nf3 Bb7 6.Bd3 Ne4 7.O-O f5 8.Qc2 Bxc3
9.bxc3 O-O 10.Nd2 Qh4 11.f3 Ng5 12.Qd1 Rf6 13.Qe1 Qh5 14.e4 f4 15.Rf2 Nc6 
16.Nf1 Raf8 17.c5 Ne7 18.cxb6 axb6 19.a4 Rh6 20.a5 Ng6 21.axb6 Nh4 22.Qe2 
Rff6 23.bxc7 Rfg6 24.Kh1 Ngxf3 25.Bxf4 Rxg2 26.Rxg2 Nxg2 27.Bxh6 Ngh4 28.
Bf4 Qg4 29.Bg3 Nf5 30.Ra8+ Kf7 31.c8=Q Bxc8 32.Rxc8 Nd6 33.Ne3 Qh5 34.Bxd6
Qxh2+ 35.Bxh2 1-0

[Event "Deltalift Open 2012"]
[Site "Tylosand"]
[Date "2012.05.18"]
[Round "6.13"]
[White "Gutzmann, Tobias"]
[Black "Aberg, Anton"]
[Result "0-1"]
[WhiteElo "2076"]
[BlackElo "2403"]
[EventDate "2012.05.17"]

1.e4 e6 2.d4 d5 3.e5 c5 4.c3 Nc6 5.Nf3 Bd7 6.Be2 f6 7.exf6 Nxf6 8.O-O Bd6 
9.c4 Nxd4 10.Nxd4 cxd4 11.Qxd4 Qc7 12.Qh4 dxc4 13.Bxc4 Bxh2+ 14.Qxh2 Qxc4 
15.Qd6 Rd8 16.b3 0-1

[Event "Deltalift Open 2012"]
[Site "Tylosand"]
[Date "2012.05.18"]
[Round "6.16"]
[White "Eriksson, Kristian"]
[Black "Madebrink, Lars"]
[Result "1/2-1/2"]
[WhiteElo "2087"]
[BlackElo "2271"]
[EventDate "2012.05.17"]

1.e4 c5 2.Nf3 d6 3.d4 cxd4 4.Nxd4 Nf6 5.Nc3 a6 6.Bc4 e6 7.Bb3 Nc6 8.Be3 
Bd7 9.O-O Be7 10.f4 Qc7 11.f5 Nxd4 12.Bxd4 e5 13.Be3 Bc6 14.Nd5 Nxd5 15.
Bxd5 Bxd5 16.Qxd5 Rc8 17.c4 Qc6 18.Rac1 1/2-1/2